00342nam a2200133Ia 4500008004100000041000800041082001500049100002000064245004100084250001400125260003500139300002700174365000700201240624s9999 xx 000 0 und d aeng a004.16 SHO aSHORT KENNETH L aMICROPROCESSORS AND PROGRAMMED LOGIC a(2nd ed.) c2004aDelhibPearson Education axvii, : 619 : cm. ; 25 cRS